000 01000nac a22001931u 4500
008 101220s xxu||||| |||| 00| 0 ara d
082 _a669.722
_bغ ف ا
100 1 _aعبد الغفار ، سعيد
_921594
245 _aتكنولوجيا الألومنيوم. ج1 /
_cسعيد عبد الغفار ؛ إشراف أنور محمود عبد الواحد
260 _aالقاهرة :
_bمؤسسة الأهرام ،
_c[د . ت].
300 _a277 ص :
_c20 سم.
_bايض ؛
490 0 _917331
_aالأسس التكنولوجية ؛
_n22
650 _aالألومنيوم
_921596
650 _aأشغال الألومنيوم
_921597
650 _aسبائك الألومونيوم
_921980
700 1 _aعبد الواحد ، أنور محمود
_921593
_eإشراف
942 _cBB
_k669.722 غ ف ا
_2ddc
999 _c6336
_d6336